Občiansky súdny poriadok s komentárom
Zákon č. 99/1963 Zb. Občiansky súdny poriadok s komentárom.
Guardado en:
| Autor principal: | |
|---|---|
| Otros Autores: | |
| Formato: | Capítulo de libro |
| Lenguaje: | eslovaco |
| Materias: | |
| Etiquetas: |
Sin Etiquetas, Sea el primero en etiquetar este registro!
|
MARC
| LEADER | 00000naa a2200000 4500 | ||
|---|---|---|---|
| 001 | 0160575 | ||
| 005 | 20231120103144.5 | ||
| 041 | 0 | |a slo | |
| 044 | |a SK | ||
| 245 | 1 | 0 | |a Občiansky súdny poriadok s komentárom |c Edmund Horváth, Lucia Černáková |
| 520 | |a Zákon č. 99/1963 Zb. Občiansky súdny poriadok s komentárom. | ||
| 610 | 2 | 0 | |a poriadok súdny občiansky |
| 610 | 2 | 0 | |a konanie súdne občianske |
| 610 | 2 | 0 | |a zákony |
| 610 | 2 | 0 | |a komentáre |
| 610 | 2 | 0 | |a Slovensko |
| 100 | 1 | |a Horváth, Edmund | |
| 700 | 1 | |a Černáková, Lucia | |